Pak Practical Chemistaary (W/O vide BOO on 1980) (Record no. 243964)

000 -LEADER
fixed length control field 00214 a2200097 4500
001 - CONTROL NUMBER
control field 8891
090 ## - LOCALLY ASSIGNED LC-TYPE CALL NUMBER (OCLC); LOCAL CALL NUMBER (RLIN)
-- 7080
-- 7080
100 ## - MAIN ENTRY--PERSONAL NAME
Personal name Hamid A A
245 ## - TITLE STATEMENT
Title Pak Practical Chemistaary (W/O vide BOO on 1980)
260 ## - PUBLICATION, DISTRIBUTION, ETC.
Name of publisher, distributor, etc. Ilmie Kitab
942 ## - ADDED ENTRY ELEMENTS (KOHA)
Institution code [OBSOLETE] NUST-CAE
Holdings
Withdrawn status Lost status Damaged status Not for loan Collection code Permanent Location Current Location Date acquired Total Checkouts Barcode Date last seen Price effective from Koha item type
          College of Aeronautical Engineering (CAE) College of Aeronautical Engineering (CAE) 04/03/2017   CAE8524 04/05/2017 04/05/2017 Book
© 2023 Central Library, National University of Sciences and Technology. All Rights Reserved.